| 000 | 00598nam a2200205 a 4500 | ||
|---|---|---|---|
| 001 | 2334 | ||
| 003 | CO-ViMGA | ||
| 008 | 141112s2004 ck r 000 u spa d | ||
| 020 | _a958648145X | ||
| 040 |
_aCO-ViMGA _bspa _cCO-ViMGA |
||
| 082 | 0 | 4 | _a617.67 H371 |
| 100 | 1 |
_aHeroza Acuña, Benjamin _951156 |
|
| 245 | 1 | 0 |
_aSellantes en odontología / _cHerazo A Benjamin , Agudelo Acosta Miryam Luz |
| 260 |
_aSantafé de Bogotá : _bEcoe, _c1997 |
||
| 300 | _a93 p | ||
| 650 | 1 | 4 |
_aAgudelo Acosta, Miryam Luz _951157 |
| 650 | 1 | 4 |
_aCARIES - SELLANTES _951158 |
| 650 | 1 | 4 | _aODONTOLOGIA |
| 942 |
_2ddc _cBK |
||
| 999 |
_c14433 _d14433 |
||